000 00518 a2200169 4500
020 _a0415306086 (hbk.)
020 _a0415306094
082 _a627 CHA
082 0 4 _a627
_bCHA
100 _aChadwick, A. J.
245 _aHydraulics in civil and environmental engineering /
_cAndrew Chadwick, John Morfett, Martin Borthwick.
250 _a4th ed.
260 _aLondon :
_bSpon Press,
_c2004.
300 _axxx, 644 p. :
_bill. ;
_c24 cm.
650 _aHydraulic engineering.
650 _aEnvironmental engineering.
650 _aCivil engineering.
999 _c1575
_d1575